000 00938nas a2200289 4500
001 BR0204438
003 BR-BrBNA
005 20231205103228.0
007 ta
008 230509b bl.|||p| |||| 00| 00por d
040 _aBR-BrBNA
_bpor
_cBiblioteca Nacional de Agricultura
041 _a(En)
072 _aH10; K10
100 1 _aZanuncio, J.C.
100 1 _aSossai, M.F.
100 1 _aCouto, L.
100 1 _aPinto, R.
245 1 _aOccurrence of Euplatypus parallelus, Euplatypus sp. (Col.: Euplatypodidae)and Xyleborus affinis (Col.: Scolytidae)in Pinus sp. in Ribas do Rio Pardo, Mato Grosso do Sul, Brazil
650 _aPINHEIRO
650 _aCOLEOBROCA
650 _aCOLEOPTERO
650 _aPRAGA DE PLANTA
650 _aMATO GROSSO DO SUL
773 0 _tRevista Árvore (Brazil)
_xISSN 0100-6762
_g(May-Jun 2002), v. 26(3) p. 387-389
_wBR0204438
909 _a202311
_bLúcia
_c55
_dLúcia Elande
942 _2AGRIS
_n0
_cANA
999 _c171775
_d171775